logo

Bir Sreshtho Munshi Abdur Rouf Library
Jhenaidah Cadet College

365 Science Experiments: (Record no. 11791)

MARC details
000 -LEADER
fixed length control field 00597nam a2200229 a 4500
001 - CONTROL NUMBER
JCCL Control Number 11791
003 - CONTROL NUMBER IDENTIFIER
JCCL marc code BD-JhCC
005 - DATE AND TIME OF LATEST TRANSACTION
control field 20201015085052.0
008 - FIXED-LENGTH DATA ELEMENTS--GENERAL INFORMATION
fixed length control field 201014r2019 ii a|||| ||a| 000 0 eng d
020 ## - INTERNATIONAL STANDARD BOOK NUMBER
International Standard Book Number 9789383202812
035 ## - SYSTEM CONTROL NUMBER
system control number (BD-JhCC)11791
040 ## - CATALOGING SOURCE
Original cataloging agency BD-JhCC
Modifying agency BD-JhCC
041 ## - LANGUAGE CODE
Language code of Book eng
082 ## - DEWEY DECIMAL CLASSIFICATION NUMBER
Classification number 507.8
Author mark and Year SCI 2017
245 ## - TITLE STATEMENT
Title 365 Science Experiments:
Remainder of title Sceince Was Never So Much Fun /
260 ## - PUBLICATION, DISTRIBUTION, ETC. (IMPRINT)
Place of publication, distribution, etc India :
Name of publisher, distributor, etc Om Books International;
Date of publication, distribution, etc 2019.
300 ## - PHYSICAL DESCRIPTION
Pagination 224 p. :
Other physical details illus.;
Dimensions 36 cm.
490 ## - SERIES STATEMENT
Series statement 365
650 ## - SUBJECT ADDED ENTRY--TOPICAL TERM
Topical term or geographic name as entry element Science--Experiments
942 ## - ADDED ENTRY ELEMENTS (KOHA)
Source of classification or shelving scheme Dewey Decimal Classification
Koha item type Books
Holdings
Source of classification or shelving scheme Damaged status Not for loan Home library Current library Shelving location Date of accession Cost, normal purchase price Total Checkouts Full call number Barcode Date last seen Copy number Koha item type Method of acquisition Currency
Dewey Decimal Classification     JCC Rouf Library JCC Rouf Library General Stacks 10/15/2020 891.00   507.8 SCI 2017 15985 10/15/2020 C-1 Books    
Dewey Decimal Classification   Not For Loan JCC Rouf Library JCC Rouf Library General Stacks   1400.00   507.8 SCI 2017 19646 10/29/2024 C-2 Books Purchase BDT

JCC Library | Contacts | JCC Home

Last Update on 23 September 2017
Copyright @ 2017-2020 JCC Rouf Library
Rouf Library, Jhenidah Cadet College (JCC), Bangladesh